Disco bloodbath : a fabulous but true tale of murder in clubland /

সংরক্ষণ করুন:
গ্রন্থ-পঞ্জীর বিবরন
প্রধান লেখক: St.James, James (লেখক)
বিন্যাস: গ্রন্থ
ভাষা:ইংরেজি
প্রকাশিত: New York : Simon & Schuster, [c1999]
ট্যাগগুলো: ট্যাগ যুক্ত করুন
কোনো ট্যাগ নেই, প্রথমজন হিসাবে ট্যাগ করুন!

MARC

LEADER 00000nam a22000007i 4500
001 IT\ICCU\UBO\2247944
003 ItRI
005 20260115231819.0
008 030715s1999 xxu|||||| ||||| |||||c
020 |a 0684857642 
040 |b ita  |c importazione bologna sebina 
041 7 |a eng  |2 ISO-639-2 
100 1 |a St.James, James  |0 IT\ICCU\UBOV\813140  |4 aut 
245 1 0 |a Disco bloodbath :  |b a fabulous but true tale of murder in clubland /  |c James St.James. 
260 |a New York :  |b Simon & Schuster,  |c [c1999] 
300 |a 286 p. ;  |c 24 cm. 
942 |2 ddc  |c BK  |n 0 
952 |0 0  |1 0  |4 0  |6 DOC_364_152000000000000_JAM  |7 0  |9 13351  |a BO  |b BO  |d 2026-01-15  |i 7440  |l 0  |o DOC 364.152 JAM  |p BO7440  |r 2026-01-15 23:18:19  |w 2026-01-15  |x [Sebina 5] [1 v.]  |y BK  |z 1 v. 
999 |c 11470  |d 11470